000 00606nam a2200181 a 4500
008 120416s1986 ||||||||||||||||| || u
020 _a0091642310
050 _aHF 5686.C7 Wal
100 _aWalton, Peter
245 1 0 _aCorporate reports
246 _atheir interpretation and use in business
260 _aLondon
_bHutchinson
_c1986
300 _avii, 386p. : ill
350 _a0.00
650 0 _aBUSINESS
650 _aCORPORATE REPORTS
995 _D0.00
_FCBU-MAIN LIBRARY (Kitwe)
_H1
_I9.95
_M1
_UAVAILABLE
_ZMain Library Open Access Collection
999 _c38911
_d38911